Sterilization of Persons with Mental Retardation

Saved in:  
Bibliographic Details
Authors: Elkins, E. (Author) ; Andersen, H. F. (Author)
Format: Print Article
Language:English
Published: 1992
In:In: Journal of the Association for Persons with Severe Handicaps 17(1992), 1, Seite 19-26
Check availability: HBZ Gateway
Keywords:

MARC

LEADER 00000caa a22000002c 4500
001 1640063722
003 DE-627
005 20220608131010.0
007 tu
008 160223s1992 xx ||||| 00| ||eng c
035 |a (DE-627)1640063722 
035 |a (DE-576)456043799 
035 |a (DE-599)BSZ456043799 
040 |a DE-627  |b ger  |c DE-627  |e rakwb 
041 |a eng 
100 1 |a Elkins, E.  |4 aut 
245 1 0 |a Sterilization of Persons with Mental Retardation  |c E. Elkins, H. F. Andersen 
264 1 |c 1992 
336 |a Text  |b txt  |2 rdacontent 
337 |a ohne Hilfsmittel zu benutzen  |b n  |2 rdamedia 
338 |a Band  |b nc  |2 rdacarrier 
700 1 |a Andersen, H. F.  |4 aut 
773 0 8 |i In  |a Journal of the Association for Persons with Severe Handicaps  |g 17(1992), 1, Seite 19-26 
773 1 8 |g volume:17  |g year:1992  |g number:1  |g pages:19-26 
935 |a mkri 
951 |a AR 
ELC |b 1 
LOK |0 000 xxxxxcx a22 zn 4500 
LOK |0 001 3301342701 
LOK |0 003 DE-627 
LOK |0 004 1640063722 
LOK |0 005 20160223101059 
LOK |0 008 160208||||||||||||||||ger||||||| 
LOK |0 040   |a DE-21-110  |c DE-627  |d DE-21-110 
LOK |0 689   |a s  |a Geistig Behinderte 
LOK |0 689   |a s  |a Sterilisation 
LOK |0 852   |z Kein Bestand am IfK; Nachweis für KrimDok 
LOK |0 852   |a DE-21-110 
LOK |0 852 1  |m v  |9 00 
LOK |0 935   |a k110 
LOK |0 938   |k v 
LOK |0 939   |a 08-02-16  |b l01 
ORI |a SA-MARC-krimdoka001.raw